A course of experimental agriculture (Record no. 113689)

MARC details
000 -LEADER
fixed length control field 01879cam a22002055a 4500
001 - CONTROL NUMBER
control field L155601
008 - FIXED-LENGTH DATA ELEMENTS--GENERAL INFORMATION
fixed length control field 120329s1770 xxk f 000 0 eng d
035 ## - SYSTEM CONTROL NUMBER
System control number (Sirsi) u155601
041 0# - LANGUAGE CODE
Language code of text/sound track or separate title eng
100 1# - MAIN ENTRY--PERSONAL NAME
Personal name Young, Arthur
Dates associated with a name 1741-1820
245 02 - TITLE STATEMENT
Title A course of experimental agriculture
Remainder of title containing an exact register of all the business transacted during five years on near three hundred acres of various soils; including a variety of experiments on the cultivation of all sorts of grain and pulse, both in the old and new methods; the raising large crops of turneps, cabbages, carrots, potatoes, &c. and several plants not usually cultivated, as food for cattle; and the application of them to feeding or fattening of oxen, cows, horses, hogs, sheep, &c. Also the management of the artificial grasses, particularly clover, lucerne, sainfoine, burnet, &c. in the broad-cast, drilling, and transplanting methods; and their uses in feeding several sorts of cattle. The culture of madder. A particular comparison between the old and new husbandry. The management of pasture lands. On ploughing, harrowing, and other operations of tillage, relative to the season, number, depth, &c. On the general feeding and fattening of cattle on various articles of food; the expences, profit, quantity eat, &c. The implements of husbandry, their defects, improvements, &c. With other subjects of importance to the country gentleman and farmer. The whole stated in near two thousand original experiments. In two volumes. ...
260 ## - PUBLICATION, DISTRIBUTION, ETC.
Place of publication, distribution, etc. London
Name of publisher, distributor, etc. printed for J. Dodsley, in Pall-Mall
Date of publication, distribution, etc. M.DCC.LXX. [1770]
300 ## - PHYSICAL DESCRIPTION
Extent 2 v.
Dimensions 4o
520 ## - SUMMARY, ETC.
Summary, etc. Dedication signed: Arthur Young.
583 ## - ACTION NOTE
Action Condition reviewed
Time/date of action 20120620
Status condition level 4 and 4
583 ## - ACTION NOTE
Action 2 vols. sent for conservation
Time/date of action 20130129
Action agent Elizabeth Neville
651 #4 - SUBJECT ADDED ENTRY--GEOGRAPHIC NAME
Geographic name Great Britain
Chronological subdivision 1707-
690 ## - LOCAL SUBJECT ADDED ENTRY--TOPICAL TERM (OCLC, RLIN)
Topical term or geographic name as entry element Rural
9 (RLIN) 6268
942 ## - ADDED ENTRY ELEMENTS (KOHA)
Suppress in OPAC 0
Holdings
Withdrawn status Lost status Source of classification or shelving scheme Damaged status Not for loan Home library Current library Shelving location Date acquired Total Checkouts Full call number Barcode Date last seen Copy number Price effective from Koha item type
    Dewey Decimal Classification     Historic collection Historic collection Historic collection 29/03/2012   QUARTO 1770 YOUNG VOL 1 30077916 06/08/2019 1 06/08/2019 Book
    Dewey Decimal Classification     Historic collection Historic collection Historic collection 19/07/2012   QUARTO 1770 YOUNG VOL 2 30077912 06/08/2019 1 06/08/2019 Book